Detalles MARC
| 000 -CABECERA |
| campo de control de longitud fija |
01024cam a2200265 a 4500 |
| 001 - NÚMERO DE CONTROL |
| campo de control |
000008026 |
| 005 - FECHA Y HORA DE LA ÚLTIMA TRANSACCIÓN |
| campo de control |
20200929154411.0 |
| 008 - DATOS DE LONGITUD FIJA--INFORMACIÓN GENERAL |
| campo de control de longitud fija |
951213s1995 ck a 000 0 spa |
| 035 ## - NÚMERO DE CONTROL DEL SISTEMA |
| Número de control de sistema |
(DLC) 95233955 |
| 040 ## - FUENTE DE LA CATALOGACIÓN |
| Centro catalogador/agencia de origen |
DO-SdBNP |
| Centro/agencia transcriptor |
DLC |
| Lengua de catalogación |
BNPHU |
| 082 ## - NÚMERO DE LA CLASIFICACIÓN DECIMAL DEWEY |
| Número de clasificación |
883.01 |
| Número de documento/Ítem |
W495m |
| 049 ## - FONDOS LOCALES (OCLC) |
| Fondos de biblioteca |
BNGR |
| 100 1# - ENTRADA PRINCIPAL--NOMBRE DE PERSONA |
| Nombre de persona |
Wernher, Gretel. |
| 9 (RLIN) |
21925 |
| 245 10 - MENCIÓN DE TÍTULO |
| Título |
Micenas y Homero : |
| Resto del título |
a propósito de Ilíada XV 187-193 / |
| Mención de responsabilidad, etc. |
Gretel Wernher, Jorge Páramo. |
| 260 ## - PUBLICACIÓN, DISTRIBUCIÓN, ETC. |
| Lugar de publicación, distribución, etc. |
Santafé de Bogotá : |
| Nombre del editor, distribuidor, etc. |
Instituto Caro y Cuervo, |
| Fecha de publicación, distribución, etc. |
1995. |
| 300 ## - DESCRIPCIÓN FÍSICA |
| Extensión |
216 p. : |
| Otras características físicas |
il. ; |
| Dimensiones |
21 cm. |
| 490 1# - MENCIÓN DE SERIE |
| Mención de serie |
Publicaciones del Instituto Caro y Cuervo |
| Designación de volumen o secuencia |
36 |
| Mención de serie |
Minor |
| 504 ## - NOTA DE BIBLIOGRAFÍA, ETC. |
| Nota de bibliografía, etc. |
Bibliografías: p. 211-216 |
| 600 14 - PUNTO DE ACCESO ADICIONAL DE MATERIA--NOMBRE DE PERSONA |
| Nombre de persona |
HOMERO, FL. SIGLO VIII A.C. |
| Subdivisión general |
CRÍTICA E INTERPRETACIÓN |
| 9 (RLIN) |
21926 |
| 650 #4 - PUNTO DE ACCESO ADICIONAL DE MATERIA--TÉRMINO DE MATERIA |
| Término de materia o nombre geográfico como elemento de entrada |
Poesia epica griega |
| Subdivisión general |
Mycenaean influences. |
| 9 (RLIN) |
21927 |
| 651 #4 - PUNTO DE ACCESO ADICIONAL DE MATERIA--NOMBRE GEOGRÁFICO |
| Nombre geográfico |
Micenas (Ciudad Extinta{Rpara} |
| Subdivisión general |
En La Literatura |
| 9 (RLIN) |
21928 |
| 700 1# - PUNTO DE ACCESO ADICIONAL--NOMBRE DE PERSONA |
| Nombre de persona |
Paramo, Jorge. |
| 9 (RLIN) |
21929 |
| 830 #0 - PUNTO DE ACCESO ADICIONAL DE SERIE-TÍTULO UNIFORME |
| Título uniforme |
Publicaciones del Instituto Caro y Cuervo ; |
| Designación de volumen o secuencia |
36, |
| Nombre de parte o sección de la obra |
Minor. |
| 9 (RLIN) |
21930 |
| 910 ## - DATOS DE OPCIÓN DEL USUARIO (OCLC) |
| Datos de opción del usuario |
Catalogación por copia / LC |